[Event "DVM U16 2021"]
[Site "Kiel GER"]
[Date "2022.07.24"]
[Round "4"]
[White "Ho, Ngoc Hai-Dang"]
[Black "Toval, David"]
[Result "0-1"]
[Termination "normal"]
[Board "1.3"]
[WhiteElo "1826"]
[BlackElo "1830"]
[WhiteClock "00:07:24"]
[BlackClock "00:11:02"]
[WhiteTeam "SV Mattnetz Berlin e.V."]
[BlackTeam "Schachklub Münster 32 e. V."]
[PlyCount "114"]
[WhiteFideId "16206509"]
[BlackFideId "12992755"]
[EventCountry "GER"]
[EventRounds "7"]
[EventType "team-swiss"]
[EventDate "2022.07.22"]

1. e4 {[%clk 01:30:57]} {[%emt 00:00:03]} c5 {[%clk 01:30:53]} {[%emt
00:00:07]} 2. Nf3 {[%clk 01:31:22]} {[%emt 00:00:05]} d6 {[%clk 01:31:19]}
{[%emt 00:00:05]} 3. d4 {[%clk 01:31:48]} {[%emt 00:00:04]} cxd4 {[%clk
01:31:43]} {[%emt 00:00:05]} 4. Nxd4 {[%clk 01:32:13]} {[%emt 00:00:05]} Nf6
{[%clk 01:32:08]} {[%emt 00:00:05]} 5. Nc3 {[%clk 01:32:35]} {[%emt 00:00:07]}
a6 {[%clk 01:32:34]} {[%emt 00:00:05]} 6. Bc4 {[%clk 01:32:59]} {[%emt
00:00:06]} e6 {[%clk 01:33:00]} {[%emt 00:00:04]} 7. Be3 {[%clk 01:33:22]}
{[%emt 00:00:07]} Be7 {[%clk 01:33:23]} {[%emt 00:00:06]} 8. f3 {[%clk
01:33:14]} {[%emt 00:00:37]} Qc7 {[%clk 01:33:09]} {[%emt 00:00:44]} 9. Bb3
{[%clk 01:33:24]} {[%emt 00:00:20]} Bd7 {[%clk 01:32:58]} {[%emt 00:00:40]} 10.
Qd2 {[%clk 01:32:34]} {[%emt 00:01:20]} Nc6 {[%clk 01:33:20]} {[%emt 00:00:08]}
11. O-O {[%clk 01:32:05]} {[%emt 00:01:00]} O-O {[%clk 01:32:58]} {[%emt
00:00:51]} 12. Rad1 {[%clk 01:31:39]} {[%emt 00:00:56]} Rad8 {[%clk 01:26:36]}
{[%emt 00:06:52]} 13. Qf2 {[%clk 01:30:39]} {[%emt 00:01:30]} Rc8 {[%clk
01:21:49]} {[%emt 00:05:17]} 14. Nce2 {[%clk 01:19:06]} {[%emt 00:12:03]} b5
{[%clk 01:21:02]} {[%emt 00:01:16]} 15. Qg3 {[%clk 01:16:36]} {[%emt 00:03:01]}
Rfd8 {[%clk 01:16:22]} {[%emt 00:05:09]} 16. Bh6 {[%clk 01:08:05]} {[%emt
00:09:01]} Ne8 {[%clk 01:16:07]} {[%emt 00:00:45]} 17. Nxc6 {[%clk 00:50:43]}
{[%emt 00:17:52]} Bxc6 {[%clk 01:00:42]} {[%emt 00:15:54]} 18. Nf4 {[%clk
00:40:36]} {[%emt 00:10:39]} Bd7 {[%clk 00:42:39]} {[%emt 00:18:32]} 19. Kh1
{[%clk 00:34:19]} {[%emt 00:06:47]} Kh8 {[%clk 00:37:50]} {[%emt 00:05:19]} 20.
Bg5 {[%clk 00:29:32]} {[%emt 00:05:18]} Bxg5 {[%clk 00:31:10]} {[%emt
00:07:10]} 21. Qxg5 {[%clk 00:29:54]} {[%emt 00:00:07]} Qc5 {[%clk 00:28:14]}
{[%emt 00:03:27]} 22. Qxc5 {[%clk 00:15:06]} {[%emt 00:15:18]} dxc5 {[%clk
00:28:10]} {[%emt 00:00:34]} 23. c4 {[%clk 00:15:29]} {[%emt 00:00:08]} Bc6
{[%clk 00:14:40]} {[%emt 00:13:59]} 24. e5 {[%clk 00:15:44]} {[%emt 00:00:15]}
Nc7 {[%clk 00:09:30]} {[%emt 00:05:40]} 25. Kg1 {[%clk 00:13:52]} {[%emt
00:02:22]} bxc4 {[%clk 00:06:53]} {[%emt 00:03:07]} 26. Bxc4 {[%clk 00:14:16]}
{[%emt 00:00:06]} Bb5 {[%clk 00:07:20]} {[%emt 00:00:03]} 27. b3 {[%clk
00:13:06]} {[%emt 00:01:40]} Nd5 {[%clk 00:07:06]} {[%emt 00:00:43]} 28. Nxd5
{[%clk 00:12:57]} {[%emt 00:00:39]} exd5 {[%clk 00:07:31]} {[%emt 00:00:05]}
29. Bd3 {[%clk 00:12:19]} {[%emt 00:01:08]} Kg8 {[%clk 00:05:56]} {[%emt
00:02:05]} 30. a4 {[%clk 00:09:52]} {[%emt 00:02:57]} Bxd3 {[%clk 00:05:52]}
{[%emt 00:00:34]} 31. Rxd3 {[%clk 00:10:17]} {[%emt 00:00:06]} c4 {[%clk
00:04:11]} {[%emt 00:02:11]} 32. bxc4 {[%clk 00:08:43]} {[%emt 00:02:03]} Rxc4
{[%clk 00:04:35]} {[%emt 00:00:05]} 33. Ra1 {[%clk 00:07:45]} {[%emt 00:01:28]}
Kf8 {[%clk 00:04:55]} {[%emt 00:00:11]} 34. Kf2 {[%clk 00:07:57]} {[%emt
00:00:18]} Ke7 {[%clk 00:04:31]} {[%emt 00:00:54]} 35. Ke3 {[%clk 00:07:20]}
{[%emt 00:01:07]} Ke6 {[%clk 00:03:51]} {[%emt 00:01:10]} 36. f4 {[%clk
00:07:04]} {[%emt 00:00:46]} Rb8 {[%clk 00:04:05]} {[%emt 00:00:16]} 37. Rad1
{[%clk 00:05:19]} {[%emt 00:02:15]} Rc5 {[%clk 00:02:23]} {[%emt 00:02:12]} 38.
Rd4 {[%clk 00:04:58]} {[%emt 00:00:51]} a5 {[%clk 00:01:53]} {[%emt 00:01:00]}
39. R1d2 {[%clk 00:04:34]} {[%emt 00:00:55]} Rb3+ {[%clk 00:01:54]} {[%emt
00:00:28]} 40. R2d3 {[%clk 00:03:17]} {[%emt 00:01:47]} Rb2 {[%clk 00:01:23]}
{[%emt 00:01:01]} 41. Rd2 {[%clk 00:02:34]} {[%emt 00:01:13]} Rb7 {[%clk
00:18:16]} {[%emt 00:13:37]} 42. g3 {[%clk 00:29:19]} {[%emt 00:03:45]} h5
{[%clk 00:17:49]} {[%emt 00:00:57]} 43. h3 {[%clk 00:22:29]} {[%emt 00:07:20]}
Rb3+ {[%clk 00:14:28]} {[%emt 00:03:51]} 44. R2d3 {[%clk 00:22:44]} {[%emt
00:00:15]} Rb1 {[%clk 00:13:15]} {[%emt 00:01:43]} 45. Rd1 {[%clk 00:22:22]}
{[%emt 00:00:52]} Rc3+ {[%clk 00:12:57]} {[%emt 00:00:48]} 46. R1d3 {[%clk
00:20:12]} {[%emt 00:02:40]} Rxd3+ {[%clk 00:12:56]} {[%emt 00:00:31]} 47. Rxd3
{[%clk 00:20:26]} {[%emt 00:00:16]} Rh1 {[%clk 00:10:19]} {[%emt 00:03:07]} 48.
h4 {[%clk 00:14:46]} {[%emt 00:06:10]} Ra1 {[%clk 00:10:38]} {[%emt 00:00:10]}
49. Rd4 {[%clk 00:12:00]} {[%emt 00:03:16]} Ra3+ {[%clk 00:10:56]} {[%emt
00:00:13]} 50. Kf2 {[%clk 00:12:25]} {[%emt 00:00:05]} f6 {[%clk 00:11:09]}
{[%emt 00:00:17]} 51. exf6 {[%clk 00:12:47]} {[%emt 00:00:08]} gxf6 {[%clk
00:11:27]} {[%emt 00:00:11]} 52. f5+ {[%clk 00:11:54]} {[%emt 00:01:23]} Ke5
{[%clk 00:11:16]} {[%emt 00:00:40]} 53. Rf4 {[%clk 00:09:15]} {[%emt 00:03:09]}
d4 {[%clk 00:11:25]} {[%emt 00:00:21]} 54. Ke2 {[%clk 00:07:17]} {[%emt
00:02:29]} Rxa4 {[%clk 00:11:03]} {[%emt 00:00:51]} 55. Kd3 {[%clk 00:06:59]}
{[%emt 00:00:47]} Ra3+ {[%clk 00:11:22]} {[%emt 00:00:11]} 56. Kc4 {[%clk
00:07:16]} {[%emt 00:00:14]} Rxg3 {[%clk 00:11:02]} {[%emt 00:00:50]} 57. Rxd4
{[%clk 00:07:24]} {[%emt 00:00:22]} Rg4 {[%emt 00:00:21]} 0-1

[Event "DVM U16 2021"]
[Site "Kiel GER"]
[Date "2022.07.24"]
[Round "4"]
[White "Kvantaliani, Saba"]
[Black "Schauties, Nico Antonio"]
[Result "1-0"]
[Termination "normal"]
[Board "1.4"]
[WhiteElo "1664"]
[BlackElo "1818"]
[WhiteClock "00:06:45"]
[BlackClock "00:02:21"]
[WhiteTeam "Schachklub Münster 32 e. V."]
[BlackTeam "SV Mattnetz Berlin e.V."]
[PlyCount "61"]
[WhiteFideId "16284364"]
[BlackFideId "16206371"]
[EventCountry "GER"]
[EventRounds "7"]
[EventType "team-swiss"]
[EventDate "2022.07.22"]

1. c4 {[%clk 01:30:58]} {[%emt 00:00:04]} e5 {[%clk 01:30:54]} {[%emt
00:00:04]} 2. g3 {[%clk 01:31:19]} {[%emt 00:00:09]} f5 {[%clk 01:31:18]}
{[%emt 00:00:07]} 3. Bg2 {[%clk 01:31:28]} {[%emt 00:00:21]} Nf6 {[%clk
01:31:35]} {[%emt 00:00:13]} 4. Nc3 {[%clk 01:30:55]} {[%emt 00:01:02]} g6
{[%clk 01:31:04]} {[%emt 00:01:01]} 5. e3 {[%clk 01:28:39]} {[%emt 00:02:46]}
Bg7 {[%clk 01:28:05]} {[%emt 00:03:29]} 6. d4 {[%clk 01:24:43]} {[%emt
00:04:25]} exd4 {[%clk 01:23:04]} {[%emt 00:05:31]} 7. exd4 {[%clk 01:25:03]}
{[%emt 00:00:10]} O-O {[%clk 01:23:09]} {[%emt 00:00:24]} 8. Nge2 {[%clk
01:25:06]} {[%emt 00:00:28]} d6 {[%clk 01:19:04]} {[%emt 00:04:36]} 9. O-O
{[%clk 01:23:36]} {[%emt 00:01:59]} Re8 {[%clk 01:17:31]} {[%emt 00:02:03]} 10.
Bg5 {[%clk 01:08:04]} {[%emt 00:16:03]} h6 {[%clk 01:09:43]} {[%emt 00:08:18]}
11. Bxf6 {[%clk 01:08:13]} {[%emt 00:00:21]} Qxf6 {[%clk 01:10:02]} {[%emt
00:00:10]} 12. Nf4 {[%clk 00:54:38]} {[%emt 00:14:04]} c6 {[%clk 01:00:09]}
{[%emt 00:10:22]} 13. d5 {[%clk 00:47:48]} {[%emt 00:07:21]} c5 {[%clk
00:58:37]} {[%emt 00:02:02]} 14. Re1 {[%clk 00:48:02]} {[%emt 00:00:16]} Rxe1+
{[%clk 00:56:29]} {[%emt 00:02:37]} 15. Qxe1 {[%clk 00:47:38]} {[%emt
00:00:55]} Bd7 {[%clk 00:54:48]} {[%emt 00:02:11]} 16. Ne6 {[%clk 00:43:34]}
{[%emt 00:04:34]} Na6 {[%clk 00:44:25]} {[%emt 00:10:53]} 17. a3 {[%clk
00:28:01]} {[%emt 00:16:03]} Re8 {[%clk 00:39:37]} {[%emt 00:05:17]} 18. Qd2
{[%clk 00:27:24]} {[%emt 00:01:08]} Kh8 {[%clk 00:29:41]} {[%emt 00:10:26]} 19.
Nb5 {[%clk 00:20:55]} {[%emt 00:06:59]} Bxb5 {[%clk 00:24:36]} {[%emt
00:05:35]} 20. cxb5 {[%clk 00:21:17]} {[%emt 00:00:09]} Nb8 {[%clk 00:24:55]}
{[%emt 00:00:11]} 21. Qa5 {[%clk 00:13:30]} {[%emt 00:08:17]} Qxb2 {[%clk
00:23:12]} {[%emt 00:02:13]} 22. Rf1 {[%clk 00:13:23]} {[%emt 00:00:37]} Bc3
{[%clk 00:10:36]} {[%emt 00:13:07]} 23. Qc7 {[%clk 00:11:27]} {[%emt 00:02:26]}
Qxb5 {[%clk 00:09:47]} {[%emt 00:01:19]} 24. Qxd6 {[%clk 00:10:57]} {[%emt
00:01:00]} Na6 {[%clk 00:07:24]} {[%emt 00:02:53]} 25. Nf4 {[%clk 00:07:59]}
{[%emt 00:03:27]} Qb6 {[%clk 00:03:46]} {[%emt 00:04:08]} 26. Nxg6+ {[%clk
00:06:55]} {[%emt 00:01:35]} Kg8 {[%clk 00:03:58]} {[%emt 00:00:17]} 27. Ne7+
{[%clk 00:06:46]} {[%emt 00:00:39]} Kf7 {[%clk 00:03:53]} {[%emt 00:00:35]} 28.
Nxf5 {[%clk 00:06:58]} {[%emt 00:00:18]} Qxd6 {[%clk 00:01:25]} {[%emt
00:02:58]} 29. Nxd6+ {[%clk 00:07:22]} {[%emt 00:00:06]} Ke7 {[%clk 00:01:53]}
{[%emt 00:00:01]} 30. Nxe8 {[%clk 00:07:50]} {[%emt 00:00:02]} Kxe8 {[%clk
00:02:21]} {[%emt 00:00:02]} 31. d6 {[%clk 00:06:45]} {[%emt 00:01:36]} 1-0

[Event "DVM U16 2021"]
[Site "Kiel GER"]
[Date "2022.07.24"]
[Round "4"]
[White "Kort, Felix"]
[Black "Abed, Karim"]
[Result "0-1"]
[Termination "normal"]
[Board "2.2"]
[WhiteElo "1858"]
[BlackElo "1843"]
[WhiteClock "00:04:01"]
[BlackClock "00:34:23"]
[WhiteTeam "Hamburger SK von 1830 eV"]
[BlackTeam "SV Königsjäger Süd-West e.V."]
[PlyCount "68"]
[WhiteFideId "16220129"]
[BlackFideId "16242785"]
[EventCountry "GER"]
[EventRounds "7"]
[EventType "team-swiss"]
[EventDate "2022.07.22"]

1. d4 {[%clk 01:30:57]} {[%emt 00:00:04]} Nf6 {[%clk 01:30:38]} {[%emt
00:00:22]} 2. c4 {[%clk 01:31:21]} {[%emt 00:00:06]} g6 {[%clk 01:31:03]}
{[%emt 00:00:05]} 3. f3 {[%clk 01:31:47]} {[%emt 00:00:04]} e6 {[%clk
01:30:53]} {[%emt 00:00:39]} 4. e4 {[%clk 01:30:15]} {[%emt 00:02:02]} d5
{[%clk 01:31:20]} {[%emt 00:00:03]} 5. Nc3 {[%clk 01:29:11]} {[%emt 00:01:34]}
dxe4 {[%clk 01:31:29]} {[%emt 00:00:22]} 6. fxe4 {[%clk 01:29:30]} {[%emt
00:00:10]} c5 {[%clk 01:31:20]} {[%emt 00:00:39]} 7. d5 {[%clk 01:29:42]}
{[%emt 00:00:18]} Bg7 {[%clk 01:31:32]} {[%emt 00:00:19]} 8. Be2 {[%clk
01:26:52]} {[%emt 00:03:20]} exd5 {[%clk 01:31:25]} {[%emt 00:00:36]} 9. exd5
{[%clk 01:27:13]} {[%emt 00:00:09]} O-O {[%emt 00:04:29]} 10. Nf3 {[%clk
01:24:23]} {[%emt 00:00:34]} Bf5 {[%clk 01:27:53]} {[%emt 00:02:50]} 11. Qb3
{[%clk 01:06:44]} {[%emt 00:18:08]} Qc7 {[%clk 01:21:47]} {[%emt 00:06:36]} 12.
O-O {[%clk 01:04:32]} {[%emt 00:02:42]} a6 {[%clk 01:19:34]} {[%emt 00:02:43]}
13. Bg5 {[%clk 00:51:23]} {[%emt 00:13:39]} Nbd7 {[%clk 01:17:32]} {[%emt
00:02:31]} 14. Rae1 {[%clk 00:51:45]} {[%emt 00:00:08]} Rfe8 {[%clk 01:11:38]}
{[%emt 00:06:25]} 15. Bh4 {[%clk 00:45:02]} {[%emt 00:07:13]} Qb6 {[%clk
01:03:52]} {[%emt 00:08:16]} 16. Qa3 {[%emt 00:14:36]} Ne4 {[%emt 00:10:27]}
17. Bd1 {[%emt 00:00:36]} Nxc3 {[%clk 00:58:12]} {[%emt 00:03:19]} 18. bxc3
{[%clk 00:24:13]} {[%emt 00:00:01]} Bd3 {[%clk 00:48:08]} {[%emt 00:10:33]} 19.
Ba4 {[%emt 00:09:16]} Bxf1 {[%emt 00:00:20]} 20. Rxe8+ {[%clk 00:22:31]} {[%emt
00:00:14]} Rxe8 {[%clk 00:41:59]} {[%emt 00:00:02]} 21. Bxd7 {[%emt 00:03:03]}
Re3 {[%emt 00:00:10]} 22. Kxf1 {[%clk 00:22:57]} {[%emt 00:00:17]} Rxc3 {[%clk
00:39:19]} {[%emt 00:00:45]} 23. Qa4 {[%emt 00:02:51]} Qb1+ {[%emt 00:02:23]}
24. Kf2 {[%clk 00:19:53]} {[%emt 00:01:06]} Rc2+ {[%clk 00:37:24]} {[%emt
00:00:39]} 25. Kg3 {[%clk 00:19:10]} {[%emt 00:01:12]} Rxa2 {[%clk 00:37:36]}
{[%emt 00:00:18]} 26. Bf5 {[%clk 00:16:33]} {[%emt 00:03:07]} Be5+ {[%clk
00:35:04]} {[%emt 00:03:02]} 27. Nxe5 {[%clk 00:12:39]} {[%emt 00:04:23]} Qe1+
{[%clk 00:35:22]} {[%emt 00:00:12]} 28. Kh3 {[%clk 00:09:11]} {[%emt 00:03:59]}
Qe3+ {[%clk 00:35:45]} {[%emt 00:00:07]} 29. Nf3 {[%clk 00:09:30]} {[%emt
00:00:11]} Rxa4 {[%clk 00:36:10]} {[%emt 00:00:05]} 30. d6 {[%clk 00:08:02]}
{[%emt 00:01:58]} Qf4 {[%clk 00:34:10]} {[%emt 00:02:31]} 31. Bd7 {[%clk
00:06:53]} {[%emt 00:01:38]} f5 {[%clk 00:34:16]} {[%emt 00:00:24]} 32. Be6+
{[%clk 00:03:20]} {[%emt 00:04:03]} Kg7 {[%clk 00:34:09]} {[%emt 00:00:37]} 33.
Ne5 {[%clk 00:03:36]} {[%emt 00:00:14]} Ra3+ {[%clk 00:34:23]} {[%emt
00:00:15]} 34. Bg3 {[%clk 00:04:01]} {[%emt 00:00:05]} Qh6# {[%emt 00:00:06]}
0-1

[Event "DVM U16 2021"]
[Site "Kiel GER"]
[Date "2022.07.24"]
[Round "4"]
[White "Boissel, Kasimir"]
[Black "Huo, Da"]
[Result "0-1"]
[Termination "normal"]
[Board "2.3"]
[WhiteElo "1781"]
[BlackElo "1858"]
[WhiteClock "00:00:31"]
[BlackClock "00:01:43"]
[WhiteTeam "SV Königsjäger Süd-West e.V."]
[BlackTeam "Hamburger SK von 1830 eV"]
[PlyCount "180"]
[WhiteFideId "16298209"]
[BlackFideId "16221206"]
[EventCountry "GER"]
[EventRounds "7"]
[EventType "team-swiss"]
[EventDate "2022.07.22"]

1. d4 {[%clk 01:30:56]} {[%emt 00:00:04]} Nf6 {[%clk 01:30:50]} {[%emt
00:00:12]} 2. Nf3 {[%clk 01:31:21]} {[%emt 00:00:03]} e6 {[%clk 01:31:15]}
{[%emt 00:00:05]} 3. Nbd2 {[%clk 01:31:40]} {[%emt 00:00:11]} d5 {[%clk
01:31:29]} {[%emt 00:00:17]} 4. e3 {[%clk 01:31:58]} {[%emt 00:00:11]} Be7
{[%clk 01:31:01]} {[%emt 00:00:58]} 5. Be2 {[%clk 01:32:04]} {[%emt 00:00:24]}
O-O {[%clk 01:31:17]} {[%emt 00:00:14]} 6. O-O {[%clk 01:32:25]} {[%emt
00:00:08]} c5 {[%clk 01:30:34]} {[%emt 00:01:15]} 7. c3 {[%clk 01:32:44]}
{[%emt 00:00:11]} Nc6 {[%clk 01:29:48]} {[%emt 00:01:16]} 8. b3 {[%clk
01:32:33]} {[%emt 00:00:41]} Qc7 {[%clk 01:28:59]} {[%emt 00:01:19]} 9. Bb2
{[%clk 01:32:35]} {[%emt 00:00:28]} Rd8 {[%clk 01:27:22]} {[%emt 00:02:07]} 10.
Qc2 {[%clk 01:31:40]} {[%emt 00:01:25]} b6 {[%clk 01:27:14]} {[%emt 00:00:39]}
11. c4 {[%clk 01:31:22]} {[%emt 00:00:47]} Ba6 {[%clk 01:27:05]} {[%emt
00:00:38]} 12. Rfd1 {[%clk 01:30:38]} {[%emt 00:01:13]} Rac8 {[%clk 01:26:41]}
{[%emt 00:00:55]} 13. Rac1 {[%clk 01:30:26]} {[%emt 00:00:43]} Qb8 {[%clk
01:24:39]} {[%emt 00:02:32]} 14. Qb1 {[%clk 01:30:33]} {[%emt 00:00:22]} Rc7
{[%clk 01:17:18]} {[%emt 00:07:51]} 15. Bf1 {[%clk 01:29:54]} {[%emt 00:01:09]}
Qc8 {[%clk 01:10:42]} {[%emt 00:07:07]} 16. h3 {[%clk 01:26:44]} {[%emt
00:03:39]} Na5 {[%clk 01:01:07]} {[%emt 00:10:05]} 17. dxc5 {[%clk 01:17:02]}
{[%emt 00:10:12]} bxc5 {[%clk 01:00:13]} {[%emt 00:01:24]} 18. Bc3 {[%clk
01:10:36]} {[%emt 00:06:55]} Nb7 {[%clk 00:59:56]} {[%emt 00:00:48]} 19. Be5
{[%clk 01:10:18]} {[%emt 00:00:46]} Nd6 {[%clk 00:58:05]} {[%emt 00:02:23]} 20.
Ng5 {[%clk 01:03:50]} {[%emt 00:06:55]} g6 {[%clk 00:57:07]} {[%emt 00:01:31]}
21. Qb2 {[%clk 01:01:32]} {[%emt 00:02:46]} Nfe8 {[%clk 00:55:07]} {[%emt
00:02:31]} 22. Ngf3 {[%clk 00:59:19]} {[%emt 00:02:41]} Rb7 {[%clk 00:52:49]}
{[%emt 00:02:52]} 23. Qc2 {[%clk 00:56:59]} {[%emt 00:02:47]} f6 {[%clk
00:51:04]} {[%emt 00:02:16]} 24. Ba1 {[%clk 00:53:49]} {[%emt 00:03:36]} Nf5
{[%clk 00:45:56]} {[%emt 00:05:43]} 25. e4 {[%clk 00:52:00]} {[%emt 00:02:17]}
dxe4 {[%clk 00:45:12]} {[%emt 00:01:16]} 26. Nxe4 {[%clk 00:51:59]} {[%emt
00:00:32]} e5 {[%clk 00:44:10]} {[%emt 00:01:31]} 27. Nc3 {[%clk 00:40:38]}
{[%emt 00:11:49]} Rbd7 {[%clk 00:39:57]} {[%emt 00:04:46]} 28. Rxd7 {[%emt
00:01:16]} Rxd7 {[%clk 00:39:52]} {[%emt 00:00:21]} 29. Nd5 {[%clk 00:24:15]}
{[%emt 00:16:18]} Bb7 {[%clk 00:35:22]} {[%emt 00:05:02]} 30. Nxe7+ {[%clk
00:23:56]} {[%emt 00:00:48]} Rxe7 {[%clk 00:35:41]} {[%emt 00:00:11]} 31. Bd3
{[%clk 00:21:35]} {[%emt 00:02:49]} e4 {[%clk 00:34:37]} {[%emt 00:01:36]} 32.
Re1 {[%clk 00:20:11]} {[%emt 00:01:54]} exd3 {[%clk 00:34:52]} {[%emt
00:00:16]} 33. Qxd3 {[%clk 00:20:38]} {[%emt 00:00:03]} Rxe1+ {[%clk 00:35:06]}
{[%emt 00:00:16]} 34. Nxe1 {[%clk 00:21:06]} {[%emt 00:00:02]} Qe6 {[%clk
00:35:19]} {[%emt 00:00:17]} 35. Kf1 {[%clk 00:18:05]} {[%emt 00:03:31]} Ned6
{[%clk 00:33:18]} {[%emt 00:02:31]} 36. Qc3 {[%clk 00:17:40]} {[%emt 00:00:54]}
Nd4 {[%clk 00:31:32]} {[%emt 00:02:17]} 37. Qd2 {[%clk 00:16:54]} {[%emt
00:01:15]} N4f5 {[%clk 00:23:12]} {[%emt 00:08:51]} 38. Qf4 {[%clk 00:12:45]}
{[%emt 00:04:35]} g5 {[%clk 00:13:30]} {[%emt 00:10:16]} 39. Qd2 {[%clk
00:12:38]} {[%emt 00:00:36]} Kf7 {[%clk 00:11:51]} {[%emt 00:02:10]} 40. Qa5
{[%clk 00:07:50]} {[%emt 00:05:18]} Ne4 {[%clk 00:09:14]} {[%emt 00:03:06]} 41.
Bc3 {[%clk 00:03:25]} {[%emt 00:04:51]} Nxc3 {[%clk 00:08:55]} {[%emt
00:00:54]} 42. Qxc3 {[%clk 00:03:52]} {[%emt 00:00:03]} Nd4 {[%clk 00:08:43]}
{[%emt 00:00:42]} 43. Qa5 {[%clk 00:02:11]} {[%emt 00:02:10]} Qe7 {[%clk
00:06:21]} {[%emt 00:02:53]} 44. Qd2 {[%clk 00:29:15]} {[%emt 00:03:22]} Qe4
{[%clk 00:30:48]} {[%emt 00:06:06]} 45. Qa5 {[%clk 00:27:33]} {[%emt 00:02:13]}
Kg6 {[%clk 00:30:06]} {[%emt 00:01:13]} 46. Qd2 {[%clk 00:26:16]} {[%emt
00:01:46]} Qb1 {[%clk 00:29:45]} {[%emt 00:00:51]} 47. f3 {[%clk 00:25:56]}
{[%emt 00:00:50]} Bc8 {[%clk 00:27:48]} {[%emt 00:02:27]} 48. Qe3 {[%clk
00:23:39]} {[%emt 00:02:42]} Kf7 {[%clk 00:26:48]} {[%emt 00:01:35]} 49. Qc3
{[%clk 00:15:23]} {[%emt 00:08:45]} Qxa2 {[%clk 00:26:09]} {[%emt 00:01:09]}
50. b4 {[%clk 00:14:44]} {[%emt 00:01:10]} Qe2+ {[%clk 00:25:39]} {[%emt
00:00:59]} 51. Kg1 {[%clk 00:14:49]} {[%emt 00:00:25]} Qd1 {[%clk 00:25:51]}
{[%emt 00:00:18]} 52. Kf2 {[%clk 00:14:42]} {[%emt 00:00:37]} Qe2+ {[%clk
00:24:13]} {[%emt 00:02:09]} 53. Kg1 {[%clk 00:14:45]} {[%emt 00:00:27]} cxb4
{[%clk 00:21:05]} {[%emt 00:03:39]} 54. Qxb4 {[%clk 00:14:49]} {[%emt
00:00:25]} Nc2 {[%clk 00:20:57]} {[%emt 00:00:37]} 55. Nxc2 {[%clk 00:15:07]}
{[%emt 00:00:13]} Qxc2 {[%clk 00:21:22]} {[%emt 00:00:06]} 56. Qc5 {[%clk
00:15:09]} {[%emt 00:00:27]} Qd1+ {[%clk 00:21:07]} {[%emt 00:00:43]} 57. Kh2
{[%clk 00:12:52]} {[%emt 00:02:47]} Qd7 {[%clk 00:20:36]} {[%emt 00:01:03]} 58.
Qa5 {[%clk 00:11:43]} {[%emt 00:01:36]} Qd6+ {[%clk 00:20:26]} {[%emt
00:00:41]} 59. Kh1 {[%clk 00:12:01]} {[%emt 00:00:13]} Qb6 {[%emt 00:01:35]}
60. Qd5+ {[%clk 00:11:12]} {[%emt 00:00:30]} Be6 {[%clk 00:20:31]} {[%emt
00:00:10]} 61. Qe4 {[%clk 00:10:55]} {[%emt 00:00:45]} f5 {[%clk 00:16:34]}
{[%emt 00:04:28]} 62. Qe5 {[%clk 00:10:11]} {[%emt 00:01:15]} Qd8 {[%clk
00:16:17]} {[%emt 00:00:46]} 63. c5 {[%clk 00:09:22]} {[%emt 00:01:20]} a5
{[%clk 00:12:11]} {[%emt 00:04:36]} 64. c6 {[%clk 00:09:13]} {[%emt 00:00:39]}
a4 {[%clk 00:11:46]} {[%emt 00:00:55]} 65. c7 {[%clk 00:09:31]} {[%emt
00:00:11]} Qa8 {[%clk 00:11:36]} {[%emt 00:00:40]} 66. h4 {[%clk 00:05:06]}
{[%emt 00:04:55]} h6 {[%clk 00:10:45]} {[%emt 00:01:22]} 67. hxg5 {[%clk
00:04:16]} {[%emt 00:01:20]} hxg5 {[%clk 00:11:07]} {[%emt 00:00:07]} 68. Qc3
{[%clk 00:01:02]} {[%emt 00:03:45]} a3 {[%clk 00:02:41]} {[%emt 00:08:56]} 69.
c8=Q {[%clk 00:00:34]} {[%emt 00:00:58]} Qxc8 {[%clk 00:03:09]} {[%emt
00:00:03]} 70. Qxa3 {[%clk 00:00:47]} {[%emt 00:00:16]} g4 {[%clk 00:02:47]}
{[%emt 00:00:52]} 71. fxg4 {[%clk 00:01:01]} {[%emt 00:00:16]} fxg4 {[%clk
00:03:15]} {[%emt 00:00:02]} 72. Qd6 {[%clk 00:00:31]} {[%emt 00:00:59]} Qc1+
{[%clk 00:03:08]} {[%emt 00:00:37]} 73. Kh2 {[%clk 00:00:58]} {[%emt 00:00:03]}
Qh6+ {[%clk 00:03:33]} {[%emt 00:00:06]} 74. Kg1 {[%clk 00:00:46]} {[%emt
00:00:43]} Qe3+ {[%clk 00:03:57]} {[%emt 00:00:05]} 75. Kh2 {[%clk 00:00:56]}
{[%emt 00:00:19]} Kg6 {[%clk 00:03:09]} {[%emt 00:01:18]} 76. Qb8 {[%clk
00:00:39]} {[%emt 00:00:43]} Kf5 {[%clk 00:02:37]} {[%emt 00:01:07]} 77. Qf8+
{[%clk 00:00:37]} {[%emt 00:00:33]} Ke5 {[%clk 00:02:22]} {[%emt 00:00:44]} 78.
Qb8+ {[%clk 00:00:58]} {[%emt 00:00:09]} Ke4 {[%clk 00:02:11]} {[%emt
00:00:41]} 79. Qb4+ {[%clk 00:00:52]} {[%emt 00:00:35]} Qd4 {[%clk 00:02:16]}
{[%emt 00:00:25]} 80. Qe1+ {[%clk 00:01:18]} {[%emt 00:00:03]} Kf5 {[%clk
00:02:38]} {[%emt 00:00:10]} 81. Qh4 {[%clk 00:00:39]} {[%emt 00:01:09]} Qf4+
{[%clk 00:02:47]} {[%emt 00:00:21]} 82. Kg1 {[%clk 00:00:33]} {[%emt 00:00:35]}
Ke4 {[%clk 00:01:04]} {[%emt 00:02:13]} 83. Qh7+ {[%clk 00:00:33]} {[%emt
00:00:30]} Ke3 {[%clk 00:01:16]} {[%emt 00:00:19]} 84. Qb1 {[%clk 00:00:37]}
{[%emt 00:00:21]} Qf2+ {[%clk 00:01:12]} {[%emt 00:00:39]} 85. Kh1 {[%clk
00:01:05]} {[%emt 00:00:01]} Bd5 {[%clk 00:00:42]} {[%emt 00:01:01]} 86. Qb6+
{[%clk 00:01:08]} {[%emt 00:00:27]} Ke2 {[%clk 00:00:43]} {[%emt 00:00:29]} 87.
Qb2+ {[%clk 00:00:40]} {[%emt 00:00:58]} Kf1 {[%clk 00:01:02]} {[%emt
00:00:10]} 88. Qc1+ {[%clk 00:00:31]} {[%emt 00:00:40]} Qe1 {[%clk 00:01:21]}
{[%emt 00:00:11]} 89. Qf4+ {[%clk 00:00:31]} {[%emt 00:00:31]} Bf3 {[%clk
00:01:21]} {[%emt 00:00:29]} 90. Qc4+ {[%clk 00:00:31]} {[%emt 00:00:29]} Kf2+
{[%clk 00:01:43]} {[%emt 00:00:09]} 0-1